000 00804nam a22002297a 4500
999 _c6251
_d6251
003 AR-CdUCM
008 190314b ||||| |||| 00| 0 spa d
040 _aMUNICIPALIDAD PROVINCIAL DEL CUSCO
_cBIBLIOTECA MUNICIPAL DEL CUSCO
082 _a869.6201 /
_bL57
100 _aLeón Mera, Juan
_917988
245 _aCantares del pueblo ecuatoriano /
260 _aQuito :
_bImpreso por cromograf,
_c1892.
300 _a192 paginas ;
_c18 cm.
440 _aClásicos arial
_n44
_917989
500 _aDonación familia Nieto.
505 _aContenido :Versos tristes de varias clases -- Celos -- Desdenes y desprecios -- Coplas diversas -- Del baile ...
650 _aCanciones populares
_917990
650 _aPoesía ecuatoriana
_91692
650 _aColecciones
_9607
942 _2ddc
_cLIBROS
945 _arum